01224nam a22002897a 4500003000400000005001700004008004100021040002200062082001800084100002500102245003000127260006000157300002100217366000800238490002900246505009100275505017900366505001200545650005500557650004700612650004800659650004300707650004500750650005600795650004700851700003600898OSt20230616080354.0221006b |||||||| |||| 00| 0 eng d cBiblioteca Lado V a709.05bG851a aGriffin, Timeeditor aArtforum/bInternacional/ aNew Yorkc2004bNew York editorial and business offices c26.5x27cma172p. eeng aFebrerov2004x0864-1315 tCOLUMNSaPassages Books News Film Slant Performance Sound Architecture Top Ten tFeaturesaCy Was Here Ilya Kabakov The Kings and I Fine young Cannibal: Fabian Marcaccio Visible Means of support Irreplaceable Hue Letter from Madrid Louise Bourgeois tReviews 2Tesauro de Arte & ArquitecturaaARTE COMTEMPORANEO 2Tesauro de Arte & ArquitecturaaFOTOGRAFIA 2Tesauro de Arte & ArquitecturaaARTE VISUAL 2Tesauro de Arte & ArquitecturaaLIBROS 2Tesauro de Arte & ArquitecturaaNOTICIAS 2 Tesauro de Arte & ArquitecturaaARTE INTERNACIONAL 2 Tesauro de Arte & ArquitecturaaESCULTURA aNavarreta, Jose Antonioeeditor